LDR 01239naa#a2200253#i#450# 001 RU\\bibl\119505 005 20260413210408.1 011 ## _a2782-1900 100 ## _a20260324b2026####ek#y0rusy0150####ca 101 0# _aENG 102 ## _aRU 200 1# _aIn silico profiling of 3,4-dihydro-1H-[1,4]oxazino[4,3-a]benzimidazole derivatives: prediction of cytotoxic properties and ADME profile _eЖурнальная статья 210 1# _aЯрославль _cЯрославский государственный технический университет _d2026 215 ## _a8 с. 608 ## _aЖурнальная статья _2local 675 ## _aВзаимосвязь между химическим составом и действием. 615.015.11 _zENG 700 #1 _aАлександрова _gЮлия Романовна 700 #1 _aКучеренко _gМария Викторовна 700 #1 _aШагина _gИнна Александровна 700 #1 _aСавина _gЛуиза Ильинична 700 #1 _aБегунов _gРоман Сергеевич 700 #1 _aЗубишина _gАлла Александровна 700 #1 _aНеганова _gМаргарита Евгеньевна 856 4# _aystu.editorum.ru _u